000 00483nam a2200181Ia 4500
003 LK-CoDNM
008 010623t1918 xxu||||| |||| 00| 1 sin d
040 _aLK-CoDNM
_dLK-CoDNM
_eLK-CoDNM
041 _asin
080 _a104 A 28
100 _aBuddhadatta Thero,ed by
245 _aවිනය විනිශ්චය
246 _aVinaya Vinischaya
260 _bM.M.P.Wijeratna
_aWelitara
_c1918
300 _b124p, 21 cm
700 _aSudassana Thero,Welitara
942 _cBK
999 _c89580
_d89580